A bibliography in economics for the Oxford Honour School of Philosophy. Politics and Economics (Record no. 367515)

000 -LEADER
fixed length control field 00427cam a22001337a 4500
008 - FIXED-LENGTH DATA ELEMENTS--GENERAL INFORMATION
fixed length control field 180718b1959 xxu||||| |||| 00| 0 eng d
082 ## - DEWEY DECIMAL CLASSIFICATION NUMBER
Classification number A2:T1 H134/59
100 ## - MAIN ENTRY--PERSONAL NAME
Personal name Hall, Margaret
245 ## - TITLE STATEMENT
Title A bibliography in economics for the Oxford Honour School of Philosophy. Politics and Economics
Statement of responsibility, etc. by Margaret Hall et. al.
250 ## - EDITION STATEMENT
Edition statement 2nd ed.
260 ## - PUBLICATION, DISTRIBUTION, ETC.
Place of publication, distribution, etc. London
Name of publisher, distributor, etc. OUP
Date of publication, distribution, etc. 1959
300 ## - PHYSICAL DESCRIPTION
Extent 82p.
650 ## - SUBJECT ADDED ENTRY--TOPICAL TERM
Topical term or geographic name entry element Economics - Bibliography
Holdings
Withdrawn status Lost status Damaged status Not for loan Permanent Location Current Location Date acquired Full call number Barcode Date last seen Price effective from Koha item type
        Indian Institute of Public Administration Indian Institute of Public Administration 1994-05-13 A2:T1 H134/59 21795 2018-07-21 2018-07-21 Book

Powered by Koha